000 00492nam a2200181 a 4500
001 6597
003 CO-ViMGA
008 141112s2004 ck r 000 u spa d
040 _aCO-ViMGA
_bspa
_cCO-ViMGA
082 0 4 _a633.81 C737
100 1 _aCrespo, Mario
_93695
245 1 0 _aCultivo de plantas aromáticas para condimientos
260 _aBuenos Aires :
_bAlbatros,
_c1991
300 _a210 p : il
650 1 4 _aCONDIMENTOS
_93696
650 1 4 _aPLANTAS aromáticas
_93697
942 _2ddc
_cBK
999 _c18566
_d18566